Půdoznalství lučních půd /

Hlavní autor: Háslbach, Jaroslav, 1928-1982
Jazyk: Čeština
Vydáno: Brno : Vysoká škola zemědělská, 1968
Edice: Studijní materiály pro postgraduální studium pícninářství a výroby krmiv
Témata:
Fyzický popis: 71 s.
Knihy
Uloženo v:
LEADER 00955nam a2200229 a 4500
001 000573108
003 CZ BrMZK
005 20091020203704.0
007 ta
008 010825s1968 xr f cze d
040 |a BOA001  |b cze 
100 1 |a Háslbach, Jaroslav,  |d 1928-1982  |7 jk01033258 
245 1 0 |a Půdoznalství lučních půd /  |c Jaroslav Haslbach. 
260 |a Brno :  |b Vysoká škola zemědělská,  |c 1968 
300 |a 71 s. 
490 1 |a Studijní materiály pro postgraduální studium pícninářství a výroby krmiv 
830 0 |a Studijní materiály pro postgraduální studium pícninářství a výroby krmiv 
910 |a BOA001  |b PK-0050.458  |b 1-0602.207 
964 |a Půdy luční - půdoznalství - texty vysokoškolské 
990 |a BK 
996 6 |b 2619298895  |c 1-0602.207  |l MZK  |r Sklad / do 1 hodiny  |n 1  |w 000573108  |u 000020  |a 1  |e BOA001  |j MZK50  |s P 
996 7 |b 3119671792  |c PK-0050.458  |l MZK  |r Sklad / do 1 hodiny  |n 0  |w 000573108  |u 000010  |a 1  |e BOA001  |j MZK50  |s A